000 01097nam a2200241 i 4500
001 18299
003 DO-SdUEMH
005 20260106210022.0
007 ta
008 260106b1986 dr |||gr|||| 10| 0 spa d
040 _aDO-SdUEMH
_bspa
_erda
041 _aspa
082 1 4 _mRD
_bE56p
245 1 0 _aPosibilidades de desarrollo de la región de este /
_cexpositore: Frank Marino Hernández, Manuel de Js. Viñas Cáceres, Nicolás Casasnovas, Frank Ranieri, Máximo Pereira Brea ; editor: Frank Moya Pons
264 0 1 _aSanto Domingo, República Dominicana :
_bForum,
_c1986
300 _a70 paginas ;
_c22 cm.
336 _2rdacontent
_atexto
_btxt
337 _2rdamedia
_asin mediación
_bn
338 _2rdacarrier
_avolumen
_bnc
490 _aForum ;
_v25
505 0 _aIntroducción -- Perspectivas de desarrollo en la región del este -- Las estrategias de desarrollo agropecuario en la región del este -- Las posibilidades de la industria azucarera en la región oriental -- Perspectivas del turismo en la región oriental -- Desarrollo cultural en la región del este.
942 _2ddc
_n0
_cBK
999 _c18299
_d18299